Tour du Monde des Capitales - Statistiques

Statistiques générales
  • Ce quiz a été pris 258 fois
  • Le résultat moyen est 59 sur 194
Statistiques - réponses
Réponse % Correct
Dublin
100%
Londres
99%
Amsterdam
92%
Bruxelles
92%
Luxembourg
90%
Paris
90%
Berne
87%
Vaduz
83%
Zagreb
54%
Ljubljana
53%
Bratislava
48%
Vienne
48%
Budapest
46%
Belgrade
45%
Sarajevo
45%
Tirana
44%
Alger
43%
Berlin
43%
Kiev
43%
La Valette
43%
Lisbonne
43%
Madrid
43%
Minsk
43%
Oslo
43%
Prague
43%
Rabat
43%
Riga
43%
Skopje
43%
Tunis
43%
Vilnius
43%
Andorre-la-Vieille
42%
Bucarest
42%
Chisinau
42%
Helsinki
42%
Podgorica
42%
Sofia
42%
Stockholm
42%
Tripoli
42%
Copenhague
41%
Pristina
41%
Athènes
40%
Rome
40%
Ankara
39%
Le Caire
39%
Monaco
39%
Saint-Marin
39%
Tallinn
39%
Damas
38%
Jérusalem
38%
Nicosie
38%
Varsovie
37%
Amman
36%
Beyrouth
36%
Bagdad
34%
Djibouti
34%
Doha
34%
Koweït
34%
Riyad
34%
Sanaa
34%
Mascate
33%
Khartoum
32%
Manama
32%
Abou Dabi
31%
Addis Abeba
31%
Asmara
31%
Djouba
31%
Kigali
31%
Kampala
30%
Nairobi
30%
Dodoma
29%
Mogadiscio
29%
Bujumbura
27%
Antananarivo
26%
Dakar
25%
Islamabad
25%
Katmandou
25%
Kinshasa
25%
Moroni
25%
Pretoria
25%
Victoria
25%
Abuja
24%
Accra
24%
Achgabat
24%
Bamako
24%
Bangkok
24%
Bichkek
24%
Bissau
24%
Brazzaville
24%
Conakry
24%
Dacca
24%
Douchanbé
24%
Erevan
24%
Freetown
24%
Gaborone
24%
Hanoï
24%
Kaboul
24%
Lilongwe
24%
Luanda
24%
Manille
24%
Maputo
24%
Monrovia
24%
New Delhi
24%
Nouakchott
24%
Ottawa
24%
Oulan-Bator
24%
Pékin
24%
Port Louis
24%
Porto Novo
24%
Pyongyang
24%
Séoul
24%
Tachkent
24%
Taipei
24%
Tbilissi
24%
Téhéran
24%
Washington
24%
Windhoek
24%
Yamoussoukro
24%
Yaoundé
24%
Astana
23%
Bakou
23%
Banjul
23%
Canberra
23%
Kuala Lumpur
23%
Libreville
23%
Lomé
23%
Lusaka
23%
Malabo
23%
Maseru
23%
Mbabane
23%
N'Djaména
23%
Ouagadougou
23%
Praia
23%
Sao Tomé
23%
Tokyo
23%
Vientiane
23%
Wellington
23%
Brasilia
22%
Harare
22%
Jakarta
22%
La Havane
22%
Nassau
22%
Naypyidaw
22%
Niamey
22%
Phnom Penh
22%
Singapour
22%
Thimphou
22%
Bandar Seri Begawan
21%
Dili
21%
Kingston
21%
Lima
21%
Montevideo
21%
Moscou
21%
Port Moresby
21%
Santiago
21%
Asuncion
20%
Bangui
20%
Belmopan
20%
Bogota
20%
Buenos Aires
20%
Caracas
20%
Georgetown
20%
Guatemala
20%
La Paz
20%
Melekeok
20%
Mexico
20%
Panama
20%
Paramaribo
20%
Port-au-Prince
20%
Quito
20%
Saint-Domingue
20%
San José
20%
San Salvador
20%
Tegucigalpa
20%
Apia
19%
Honiara
19%
Managua
19%
Suva
19%
Colombo
18%
Majuro
18%
Malé
18%
Nuku'alofa
18%
Palikir
18%
Port-Vila
18%
Bridgetown
17%
Funafuti
17%
Kingstown
17%
Port-d'Espagne
17%
Roseau
17%
Saint-Georges
17%
Saint John's
17%
Tarawa-Sud
17%
Yaren
17%
Castries
16%
Basseterre
15%
Aucun quiz correspondant
Distribution des résultats
% des personnes avec chaque résultat
Percentile par nombre de réponses
Votre historique - résultats
Vous n’avez pas pris ce quiz